Statistiques concernant Les communes de Marne-la-Vallée

Cliquez ici pour prendre le quiz!

Statistiques générales

  • Ce quiz a été pris 44 fois
  • Le résultat moyen est 15 sur 27

Statistiques - réponses

SecteurCommune% Correct
Val MaubuéeTorcy
94%
Val de BussyBussy-Saint-Georges
92%
Val d'EuropeChessy
92%
Val MaubuéeLognes
83%
Val MaubuéeNoisiel
83%
Porte de ParisNoisy-le-Grand
81%
Val MaubuéeChamps-sur-Marne
78%
Val d'EuropeSerris
78%
Val de BussyLagny-sur-Marne
67%
Porte de ParisVilliers-sur-Marne
64%
Porte de ParisBry-sur-Marne
61%
Val de BussyMontévrain
56%
Val de BussyCollégien
50%
Val d'EuropeMagny-le-Hongre
47%
Val d'EuropeBailly-Romainvilliers
44%
Val MaubuéeÉmerainville
44%
Val de BussyJossigny
44%
Val de BussySaint-Thibault-des-Vignes
44%
Val de BussyBussy-Saint-Martin
42%
Val de BussyChanteloup-en-Brie
42%
Val d'EuropeCoupvray
42%
Val de BussyFerrières-en-Brie
39%
Val MaubuéeCroissy-Beaubourg
36%
Val d'EuropeVilleneuve-le-Comte
33%
Val de BussyGuermantes
31%
Val de BussyGouvernes
22%
Val de BussyConches-sur-Gondoire
19%

Distribution des résultats

Percentile par nombre de réponses

% des personnes avec chaque résultat

Votre développement - résultats

Vous n’avez pas pris ce quiz